[Event "London Chess Classic: Blitz C"]
[Site "London"]
[Date "2019.12.08"]
[Round "9"]
[White "Gudenas, Motiejus"]
[Black "Srivastava, Arnav"]
[Result "0-1"]
[WhiteElo "2010"]
[BlackElo "1594"]
[PlyCount "59"]
[EventDate "2019.12.08"]
[EventType "swiss (blitz)"]
[EventRounds "11"]
[EventCountry "ENG"]
[SourceTitle "EXT 2021"]
[Source "ChessBase"]
[SourceDate "2020.10.23"]
[SourceVersion "1"]
[SourceVersionDate "2020.10.23"]
[SourceQuality "1"]

1. e4 e5 2. Nf3 Nc6 3. d4 exd4 4. Bc4 d6 5. Nxd4 Nf6 6. Nc3 Be7 7. 0-0 0-0 8. Nxc6 bxc6 9. Bg5 h6 10. Bh4 Be6 11. Bb3 Qd7 12. Re1 Rad8 13. Qd4 d5 14. Qxa7 dxe4 15. Qe3 Bxb3 16. axb3 Nd5 17. Nxd5 cxd5 18. Bxe7 Qxe7 19. c3 Qe5 20. Ra4 f5 21. g3 g5 22. Ra6 Rd6 23. Rxd6 Qxd6 24. Qd4 Qf6 25. Qxd5+ Kg7 26. Qd7+ Rf7 27. Qd4 Qxd4 28. cxd4 Rd7 29. Rd1 c5 30. d5 0-1

[Event "London Chess Classic: Blitz C"]
[Site "London"]
[Date "2019.12.08"]
[Round "10"]
[White "Nettleton, Charlie"]
[Black "Gudenas, Motiejus"]
[Result "1-0"]
[WhiteElo "1961"]
[BlackElo "2010"]
[PlyCount "62"]
[EventDate "2019.12.08"]
[EventType "swiss (blitz)"]
[EventRounds "11"]
[EventCountry "ENG"]
[SourceTitle "EXT 2021"]
[Source "ChessBase"]
[SourceDate "2020.10.23"]
[SourceVersion "1"]
[SourceVersionDate "2020.10.23"]
[SourceQuality "1"]

1. e4 e5 2. Nc3 Nc6 3. Nf3 Nf6 4. Bb5 Bd6 5. 0-0 0-0 6. d4 exd4 7. Nxd4 Re8 8. Re1 Bb4 9. Nxc6 bxc6 10. Bd3 d5 11. e5 Nd7 12. Bf4 d4 13. a3 dxc3 14. axb4 cxb2 15. Rb1 Nb6 16. Qh5 g6 17. Qh6 Qe7 18. Bg5 Qf8 19. Qh4 Nd5 20. Rxb2 Be6 21. Rbb1 a5 22. bxa5 Rxa5 23. c4 Ne7 24. Bf6 Nf5 25. Bxf5 Bxf5 26. Rb7 Be6 27. Rxc7 Rc5 28. Qg5 Rxc4 29. h4 Rg4 30. Qe3 Rc4 31. h5 Qc5 1-0

[Event "London Chess Classic: Blitz C"]
[Site "London"]
[Date "2019.12.08"]
[Round "6"]
[White "Royal, Shreyas"]
[Black "Gudenas, Motiejus"]
[Result "0-1"]
[WhiteElo "1816"]
[BlackElo "2010"]
[PlyCount "76"]
[EventDate "2019.12.08"]
[EventType "swiss (blitz)"]
[EventRounds "11"]
[EventCountry "ENG"]
[SourceTitle "EXT 2021"]
[Source "ChessBase"]
[SourceDate "2020.10.23"]
[SourceVersion "1"]
[SourceVersionDate "2020.10.23"]
[SourceQuality "1"]

1. d4 Nf6 2. c4 c5 3. d5 b5 4. Nf3 Bb7 5. cxb5 Nxd5 6. Nc3 Nxc3 7. bxc3 g6 8. e3 Bg7 9. Bb2 Qa5 10. Qb3 Bxf3 11. gxf3 0-0 12. Bg2 e6 13. 0-0 d5 14. c4 dxc4 15. Qc2 c3 16. Bc1 Nd7 17. f4 Rab8 18. Bc6 Nb6 19. a4 Nd5 20. Ba3 Nb4 21. Bxb4 cxb4 22. Rab1 Rfd8 23. Qb3 Bf8 24. e4 Rd2 25. f5 exf5 26. exf5 Qd8 27. fxg6 hxg6 28. Kh1 Qf6 29. f4 Qh4 30. Bg2 Re8 31. f5 g5 32. Rg1 Bc5 33. f6 Bd6 34. h3 Qg3 35. Qxf7+ Kxf7 36. Bd5+ Rxd5 37. Rxg3 Bxg3 38. Rg1 Bf4 0-1

[Event "London Classic op"]
[Site "London"]
[Date "2017.12.08"]
[Round "8"]
[White "Gudenas, Motiejus"]
[Black "Marusenko, Petr"]
[Result "0-1"]
[WhiteElo "2023"]
[BlackElo "2145"]
[PlyCount "102"]
[EventDate "2017.12.02"]
[EventType "swiss"]
[EventRounds "9"]
[EventCountry "ENG"]
[SourceTitle "CBM 182 Extra"]
[Source "ChessBase"]
[SourceDate "2018.02.23"]
[SourceVersion "1"]
[SourceVersionDate "2018.02.23"]
[SourceQuality "1"]

1. e4 c6 2. d4 d5 3. exd5 cxd5 4. c4 Nf6 5. Nc3 Nc6 6. Nf3 Bg4 7. cxd5 Nxd5 8. Qb3 Bxf3 9. gxf3 e6 10. Qxb7 Nxd4 11. Bb5+ Nxb5 12. Qc6+ Ke7 13. Qxb5 Qd7 14. Nxd5+ Qxd5 15. Qxd5 exd5 16. Be3 Ke6 17. Kd2 Bd6 18. Bd4 f6 19. Kd3 Rhc8 20. Rac1 Kf5 21. Rxc8 Rxc8 22. Bxa7 Ra8 23. Bd4 Rxa2 24. Rg1 g5 25. h3 Be5 26. Bxe5 fxe5 27. Rb1 Kf4 28. b4 Kxf3 29. b5 Kxf2 30. b6 Ra3+ 31. Kd2 Ra8 32. Rb5 e4 33. Rxd5 e3+ 34. Kd3 Re8 35. b7 e2 36. Rf5+ Ke1 37. Rb5 Kf2 38. Rf5+ Kg3 39. b8Q+ Rxb8 40. Kxe2 h6 41. Rf3+ Kg2 42. Ra3 Re8+ 43. Kd2 Re4 44. Ra6 Rh4 45. Ke3 Rxh3+ 46. Ke4 h5 47. Kf5 g4 48. Kf4 Rb3 49. Ra5 Rb4+ 50. Kg5 g3 51. Kxh5 Kh2 0-1

[Event "London Classic op"]
[Site "London"]
[Date "2017.12.05"]
[Round "5"]
[White "Gudenas, Motiejus"]
[Black "Cole, James"]
[Result "1/2-1/2"]
[WhiteElo "2023"]
[BlackElo "1886"]
[PlyCount "44"]
[EventDate "2017.12.02"]
[EventType "swiss"]
[EventRounds "9"]
[EventCountry "ENG"]
[SourceTitle "CBM 182 Extra"]
[Source "ChessBase"]
[SourceDate "2018.02.23"]
[SourceVersion "1"]
[SourceVersionDate "2018.02.23"]
[SourceQuality "1"]

1. e4 c6 2. d4 d5 3. exd5 cxd5 4. c4 Nf6 5. Nc3 Nc6 6. Nf3 Bg4 7. cxd5 Nxd5 8. Qb3 Bxf3 9. gxf3 e6 10. Qxb7 Nxd4 11. Bb5+ Nxb5 12. Qc6+ Ke7 13. Qxb5 Nxc3 14. bxc3 Rb8 15. Qc5+ Ke8 16. Qxa7 Bd6 17. Qa4+ Qd7 18. Qxd7+ Kxd7 19. Ke2 Rhc8 20. Bd2 Be5 21. Rab1 Ra8 22. Rb2 Bxc3 1/2-1/2